| 000 | 00579nam a22002057a 4500 | ||
|---|---|---|---|
| 005 | 20251108170130.0 | ||
| 008 | 250721s1999 xx 000 0 ara d | ||
| 082 | 1 | 4 | _a005.74/نقر |
| 100 | 1 | _aالنقري، مهيب | |
| 245 | 1 | 0 | _aأدخل إلى عالم oracle 8 / |
| 264 | 1 |
_aدمشق : _bدار الرضا، _c1999. |
|
| 300 | _a508ص | ||
| 490 | 0 | _aالرضا للمعلومات | |
| 650 | 1 | 7 | _aالحواسيب |
| 650 | 1 | 7 | _aبرمجة الحاسوب |
| 650 | 1 | 7 | _aقواعد المعلومات |
| 650 | 1 | 7 | _aأوراكل |
| 942 |
_2ddc _cBK |
||
| 999 |
_c40515 _d40515 |
||